Vogel,s Qualitative Inorganic Analysis (Record no. 8887)

MARC details
000 -LEADER
fixed length control field 00431nam a22001577a 4500
003 - CONTROL NUMBER IDENTIFIER
control field OSt
008 - FIXED-LENGTH DATA ELEMENTS--GENERAL INFORMATION
fixed length control field 200713b ||||| |||| 00| 0 eng d
020 ## - INTERNATIONAL STANDARD BOOK NUMBER
International Standard Book Number 9788131773710
100 ## - MAIN ENTRY--PERSONAL NAME
Personal name Svehla,G & Sivasankar,B
245 ## - TITLE STATEMENT
Title Vogel,s Qualitative Inorganic Analysis
250 ## - EDITION STATEMENT
Edition statement 2019
260 ## - PUBLICATION, DISTRIBUTION, ETC. (IMPRINT)
Place of publication, distribution, etc Noida
Name of publisher, distributor, etc Pearson Education India
Date of publication, distribution, etc 2019
300 ## - PHYSICAL DESCRIPTION
Extent 372
650 ## - SUBJECT ADDED ENTRY--TOPICAL TERM
Topical term or geographic name as entry element Pharmaceutical Analysis and Quality Assurance
942 ## - ADDED ENTRY ELEMENTS (KOHA)
Source of classification or shelving scheme Dewey Decimal Classification
Koha item type Text Books
Holdings
Withdrawn status Lost status Source of classification or shelving scheme Damaged status Not for loan Collection code Home library Current library Date acquired Source of acquisition Currency Cost, normal purchase price Bill Number Total Checkouts Full call number Acc. no. / Barcode Date last seen Actual Cost, discounted price Bill Date Koha item type
    Dewey Decimal Classification     B.Pharma PIET C-LIBRARY PIET C-LIBRARY 11/02/2020 Kirti Prakashan Indian Rup 669.00 IN6378   543.1 SVV BP1343 13/07/2020 457.92 11/02/2020 Text Books
    Dewey Decimal Classification     B.Pharma PIET C-LIBRARY PIET C-LIBRARY 13/04/2023 IBC RUPEES 745.00 IB/IN/1426   543.1 SVV BP2098 21/04/2023 506.60 31/03/2023 Text Books
    Dewey Decimal Classification     B.Pharma PIET C-LIBRARY PIET C-LIBRARY 13/04/2023 IBC RUPEES 745.00 IB/IN/1426   543.1 SVV BP2099 21/04/2023 506.60 31/03/2023 Text Books
    Dewey Decimal Classification     B.Pharma PIET C-LIBRARY PIET C-LIBRARY 13/04/2023 IBC RUPEES 745.00 IB/IN/1426   543.1 SVV BP2100 21/04/2023 506.60 31/03/2023 Text Books

Design & Developed by: PIET Central Library
R70 Miles Stone Pattikalyana Samalkha Panipat 132102
mail ID :- [email protected], Phone No:- 0180-2569700 Ex.216